| 000 | 00708cam a2200241ua 4500 | ||
|---|---|---|---|
| 005 | 20260515114616.0 | ||
| 008 | 180322n ii |||gr||||Z||||||asm | ||
| 020 | _a9789381784068 | ||
| 040 |
_cMAIN _aIN-DiNC |
||
| 041 | _dasm | ||
| 082 |
_a370.9 _bCHA |
||
| 100 |
_aChaliha, Beda Kumar, _eauthor |
||
| 245 |
_aBiswar prekshapatat shiksha/ _cBy Beda Kumar Chaliha, Tarun Saikia and Runu Bora Saikia |
||
| 250 | _a3rd rev. ed. | ||
| 260 |
_aJorhat: _bBidya bhawan, _c2015. |
||
| 300 | _a340p. | ||
| 650 | _aEducation in world perspective | ||
| 653 | _aEducation | ||
| 653 | _aBiswar prekshapotot shiksha | ||
| 700 |
_aSaikia, Tarun, _eauthor |
||
| 700 |
_aSaikia, Runu Bora, _eauthor |
||
| 942 |
_cBK _2ddc |
||
| 999 |
_c9300 _d9300 |
||